[Event "SLO-chT Central Superliga 11th"]
[Site "Slovenia"]
[Date "2010.09.09"]
[Round "1.3"]
[White "Karamehmedovic, Fahrudin"]
[Black "Blas, Rudolf"]
[Result "1/2-1/2"]
[WhiteElo "2049"]
[BlackElo "1916"]
[PlyCount "28"]
[EventDate "2010.09.09"]
[EventType "team-tourn"]
[EventRounds "9"]
[EventCountry "SLO"]
[SourceTitle "EXT 2022"]
[Source "ChessBase"]
[SourceDate "2021.10.06"]
[SourceVersion "1"]
[SourceVersionDate "2021.10.06"]
[SourceQuality "1"]
[WhiteTeam "Podpec Isoglas"]
[BlackTeam "Podpec MKK"]
[WhiteTeamCountry "SLO"]
[BlackTeamCountry "SLO"]

1. e4 c5 2. Nf3 Nc6 3. d4 cxd4 4. Nxd4 d6 5. c4 g6 6. Be3 Bg7 7. Nc3 Nf6 8. Be2 Bd7 9. 0-0 0-0 10. h3 a6 11. Qd2 Rc8 12. Rac1 Ne5 13. b3 Nc6 14. f3 Qc7 1/2-1/2